Trigonometría
Պահպանված է:
| Հիմնական հեղինակներ: | , |
|---|---|
| Ձևաչափ: | Գիրք |
| Լեզու: | իսպաներեն |
| Հրապարակվել է: |
Ciudad de México
International Thomson
1997
|
| Շարք: | Serie Matemáticas Thomson
|
| Խորագրեր: | |
| Ցուցիչներ: |
Ավելացրեք ցուցիչ
Չկան պիտակներ, Եղեք առաջինը, ով նշում է այս գրառումը!
|
MARC
| LEADER | 00000nam a2200000 a 4500 | ||
|---|---|---|---|
| 001 | UCP2542 | ||
| 003 | CL-VaPUC | ||
| 008 | 990520e19970000MX |||||||||||||||||spa|d | ||
| 082 | 0 | 4 | |a 516.24 |b SWO |2 21 |
| 100 | 0 | |a Swokowski, Earl William |e author |9 429339 | |
| 700 | 0 | |a Cole, Jeffery A |e author |9 429340 | |
| 245 | 1 | 0 | |a Trigonometría |
| 300 | |a 359 p | ||
| 942 | |c BK | ||
| 945 | |d 19990520 00:00:00 |a rbrito | ||
| 260 | |a Ciudad de México |b International Thomson |c 1997 | ||
| 650 | 0 | |a Trigonometría |9 259568 | |
| 650 | 7 | |a TRIGONOMETRIA ANALITICA |2 CL-VaPUC |9 429341 | |
| 650 | 0 | |a Números reales |9 270334 | |
| 650 | 0 | |a Funciones |9 263869 | |
| 650 | 0 | |a Logaritmos |9 260266 | |
| 650 | 0 | |a Ángulos |9 342215 | |
| 583 | |a last modification |c 19990520 00:00:00 |k Rodrigo Vera | ||
| 490 | 0 | |a Serie Matemáticas Thomson | |
| 999 | |c 281060 |d 281058 | ||
| 952 | |0 0 |1 0 |4 0 |6 516_240000000000000_SWO_1997 |7 0 |8 A |9 321686 |a BIBMAT |b BIBMAT |d 2019-11-20 |i 3522547 |l 1 |o 516.24 SWO 1997 |p 3522547 |r 2025-01-07 |s 2020-04-08 |w 2019-11-20 |y BK |k MAT | ||